| 000 | 01358cam a22003614a 4500 | ||
|---|---|---|---|
| 001 | 480 | ||
| 005 | 20230629080122.0 | ||
| 008 | 041223s2004 nyua b 000 0 eng | ||
| 020 | _a0439643953 (pbk.) | ||
| 020 | _a9780439643955 | ||
| 040 |
_aDLC _cDLC _dDLC _dFISKH _beng |
||
| 050 | 0 | 0 |
_aQL122.2 _b.D39 2004 |
| 082 | 0 | 0 |
_a591.77 _a[E] _222 |
| 100 | 1 | _aDaynes, Katie. | |
| 245 | 1 | 0 |
_a1001 things to spot in the sea / _cKatie Daynes ; illustrated by Teri Gower ; designed by Natacha Goransky, edited by Anna Milbourne ; natural history consultant, Margaret Rostron. |
| 246 | 3 | _aOne thousand one things to spot in the sea | |
| 260 |
_aNew York : _bScholastic, Inc., _c2004. |
||
| 300 |
_a32 pages : _bcolor illustrations ; _c28 cm. |
||
| 505 | _aF | ||
| 520 | _aPresents sea creatures and items and activities associated with the ocean to be counted, from penguins and polar bears to canoes and coconuts. | ||
| 521 |
_a400
_bLexile NP |
||
| 521 |
_aF
_bRaz-Plus |
||
| 650 | 0 |
_aMarine animals _vJuvenile literature. |
|
| 650 | 0 |
_aCounting _vJuvenile literature. |
|
| 650 | 0 |
_aPicture puzzles _vJuvenile literature. |
|
| 650 | 1 | _aMarine animals. | |
| 650 | 1 | _aCounting. | |
| 650 | 1 | _aPicture puzzles. | |
| 700 | 1 |
_aGower, Teri, _eill. |
|
| 700 | 1 | _aMilbourne, Anna. | |
| 906 |
_a0 _bibc _corignew _d2 _encip _f20 _gy-gencatlg |
||
| 942 |
_2ddc _cBK _n0 |
||
| 999 |
_c480 _d480 |
||